Database Systems : (Record no. 3045)

MARC details
000 -LEADER
fixed length control field 01082cam a22003014a 4500
001 - CONTROL NUMBER
control field 13538450
003 - CONTROL NUMBER IDENTIFIER
control field OSt
005 - DATE AND TIME OF LATEST TRANSACTION
control field 20240315151305.0
008 - FIXED-LENGTH DATA ELEMENTS--GENERAL INFORMATION
fixed length control field 040326s2005 enka b 001 0 eng
010 ## - LIBRARY OF CONGRESS CONTROL NUMBER
LC control number 2004047708
020 ## - INTERNATIONAL STANDARD BOOK NUMBER
International Standard Book Number 0321210255 (pbk.)
040 ## - CATALOGING SOURCE
Original cataloging agency DLC
Transcribing agency DLC
Modifying agency DLC
042 ## - AUTHENTICATION CODE
Authentication code pcc
050 00 - LIBRARY OF CONGRESS CALL NUMBER
Classification number QA76.9.D26
Item number C648 2005
082 00 - DEWEY DECIMAL CLASSIFICATION NUMBER
Classification number 005.74 CON 2005
Edition number 22
100 1# - MAIN ENTRY--PERSONAL NAME
Personal name Connolly, Thomas M.; Begg, Carolyn E.
9 (RLIN) 6394
245 10 - TITLE STATEMENT
Title Database Systems :
Remainder of title a practical approach to design, implementation, and management
250 ## - EDITION STATEMENT
Edition statement 4th ed.
260 ## - PUBLICATION, DISTRIBUTION, ETC. (IMPRINT)
Place of publication, distribution, etc. Harlow, Essex, England ;
Name of publisher, distributor, etc. Addison-Wesley,
Date of publication, distribution, etc. 2005.
300 ## - PHYSICAL DESCRIPTION
Extent l, 1374 p. :
Other physical details ill. ;
Dimensions 24 cm.
440 #0 - SERIES STATEMENT/ADDED ENTRY--TITLE
Title International computer science series
9 (RLIN) 6790
504 ## - BIBLIOGRAPHY, ETC. NOTE
Bibliography, etc Includes bibliographical references (p. [1332]-1344) and index.
650 #0 - SUBJECT ADDED ENTRY--TOPICAL TERM
Topical term or geographic name as entry element Database design.
9 (RLIN) 6791
650 #0 - SUBJECT ADDED ENTRY--TOPICAL TERM
Topical term or geographic name as entry element Database management.
9 (RLIN) 508
906 ## - LOCAL DATA ELEMENT F, LDF (RLIN)
a 7
b cbc
c orignew
d 1
e ocip
f 20
g y-gencatlg
942 ## - ADDED ENTRY ELEMENTS (KOHA)
Source of classification or shelving scheme Dewey Decimal Classification
Koha item type Short Loan
Holdings
Withdrawn status Lost status Source of classification or shelving scheme Damaged status Not for loan Home library Current library Date acquired Source of acquisition Inventory number Total Checkouts Full call number Barcode Date last seen Koha item type
    Dewey Decimal Classification     MUST Main Library MUST Main Library 11/02/2016 Purchase 05/23774   005.74 CON 2005 2016-0183 11/02/2016 Open Shelf
    Dewey Decimal Classification     MUST Main Library MUST Main Library 11/02/2016 Purchase 05/23773   005.74 CON 2005 2016-0184 11/02/2016 Open Shelf
    Dewey Decimal Classification     MUST Main Library MUST Main Library 11/02/2016 Purchase 04/22969   005.74 CON 2005 2016-0185 11/02/2016 Open Shelf